| 000 | 02008nam a2200265Ia 4500 | ||
|---|---|---|---|
| 008 | 260220t9999||||xx |||||||||||||| ||spa|| | ||
| 040 |
_aPY-SlUNAC _bspa _erda |
||
| 041 | _aspa | ||
| 082 |
_a539 _bD228p |
||
| 100 |
_aDaniels, Farrington _eAutor |
||
| 245 | 0 |
_aPrácticas de química física / _cpor Farrington Daniels [Autor]; Joseph Howard Mathews [Autor] y John Warren Williams [Autor] |
|
| 264 |
_aBarcelona : _bManuel Marín, _c[Fecha de publicación no identificada]. |
||
| 300 | _a555 páginas | ||
| 520 | _aEl libro "Prácticas de química física" de Farrington Daniels es una obra fundamental que aborda la aplicación experimental de principios teóricos en química física. A través de una serie de prácticas cuidadosamente diseñadas, el autor guía a los estudiantes en la exploración de conceptos clave como la termodinámica, cinética química y equilibrio químico. Cada práctica está acompañada de explicaciones detalladas sobre los fundamentos teóricos, así como de instrucciones precisas para la realización de los experimentos, lo que permite a los estudiantes desarrollar habilidades técnicas y analíticas. Además, se enfatiza la importancia de la observación y el análisis de datos, fomentando un enfoque crítico hacia la interpretación de resultados. El texto es particularmente valioso para aquellos que buscan una comprensión profunda de la química física a través de la experimentación, preparando a los estudiantes para aplicar estos conocimientos en contextos académicos y profesionales. En conjunto, la obra se presenta como una herramienta indispensable en la formación de futuros químicos. | ||
| 653 | _aPrácticas educativas | ||
| 653 | _aQuímica | ||
| 653 | _aQuímica física | ||
| 700 |
_aHoward Mathews, Joseph _eAutor |
||
| 700 |
_aWarren Williams, John _eAutor |
||
| 942 |
_b2026/02/17 _cBK |
||
| 999 |
_c7806 _d7806 |
||